000 00966nam a2200265 i 4500
001 5613
003 ES-MaACL
005 20260130135255.0
008 880109s1987 sp |||| | spa d
020 _a84-7351-216-2
080 _a35(46)"12/14"
100 1 _aGarcía Marín, José María.
_954887
245 1 3 _aEl oficio público en Castilla durante la Baja Edad Media /
_cJosé María García Marín.
250 _a2ª ed.
260 _aAlcalá de Henares :
_bInstituto Nacional de Administración Pública,
_c1987.
300 _a399 p. ;
_c24 cm.
490 1 _aHistora de la Administracion ;
_v21
500 _aBibliografía. Índice.
650 4 _aFuncionarios-
_zCastilla (Reino)
_9141901
650 4 _aBurocracia-
_zEspaña-
_vHistoria.
_9141900
710 2 _aInstituto Nacional de Administración Pública (España)
_95139
830 0 0 _aHistoria de la Administración
_v21
_9231021
852 _aES-MaACL
_jL-12412
999 _c5613
_d5613